Armas que puedan causar males superfluos o dañar sin discriminación: informe sobre los trabajos de un grupo de expertos
Αποθηκεύτηκε σε:
| Συγγραφή απο Οργανισμό/Αρχή: | |
|---|---|
| Μορφή: | Βιβλίο |
| Γλώσσα: | Ισπανικά |
| Έκδοση: |
Ginebra
Comité Internacional de la Cruz Roja
1973
|
| Θέματα: | |
| Ετικέτες: |
Προσθήκη ετικέτας
Δεν υπάρχουν, Καταχωρήστε ετικέτα πρώτοι!
|
MARC
| LEADER | 00000nam a2200000 a 4500 | ||
|---|---|---|---|
| 001 | UCT9555 | ||
| 003 | CL-VaPUC | ||
| 008 | 970404e19730000SZ |||||||||||||||||spa|d | ||
| 082 | 0 | 4 | |a 341.6 |b COM |2 21 |
| 110 | 2 | |a Comité Internacional de la Cruz Roja |e author |9 382377 | |
| 245 | 1 | 0 | |a Armas que puedan causar males superfluos o dañar sin discriminación: informe sobre los trabajos de un grupo de expertos |
| 300 | |a 84 p | ||
| 942 | |c BK | ||
| 945 | |d 19970404 00:00:00 |a lriquelm | ||
| 260 | |a Ginebra |b Comité Internacional de la Cruz Roja |c 1973 | ||
| 650 | 0 | |a Guerra |9 255876 | |
| 650 | 0 | |a Derecho internacional |9 255637 | |
| 650 | 0 | |a Armas convencionales |9 382378 | |
| 650 | 0 | |a Armas de fuego |9 328333 | |
| 650 | 0 | |a Armas incendiarias |9 382379 | |
| 650 | 0 | |a Armas nucleares |9 334563 | |
| 650 | 0 | |a Armas de destrucción en masa |9 382380 | |
| 583 | |a last modification |c 19970404 00:00:00 |k Rodrigo Vera | ||
| 999 | |c 257943 |d 257941 | ||
| 952 | |0 0 |1 0 |4 0 |6 341_600000000000000_COM_1973 |7 0 |8 A |9 281668 |a BIBDER |b BIBDER |d 2019-11-19 |i 1825240 |o 341.6 COM 1973 |p 1825240 |r 2023-01-25 |w 2019-11-19 |y BK |k DER | ||